Sports Quiz

Random Sports or NBA Quiz

NBA starting 5 draft position Quiz Stats

 Plays Quiz not verified by Sporcle

Score 0/30 Timer 08:00
0 Plays Today
# Team % Correct
1Cleveland Cavaliers
73.2%
2Utah Jazz
28%
5Miami Heat
26.8%
20Boston Celtics
22%
22Los Angeles Lakers
19.5%
30Minnesota Timberwolves
19.5%
3New York Knicks
17.1%
19Orlando Magic
17.1%
23Phoenix Suns
17.1%
28Atlanta Hawks
17.1%
4San Antonio Spurs
15.9%
10New Jersey Nets
15.9%
27Oklahoma City Thunder
15.9%
8Toronto Raptors
14.6%
7Detroit Pistons
13.4%
# Team % Correct
21Los Angeles Clippers
13.4%
6Charlotte Bobcats
12.2%
9Houston Rockets
12.2%
12Sacramento Kings
12.2%
15Chicago Bulls
12.2%
10Washington Wizards
11%
13Golden State Warriors
11%
25Denver Nuggets
11%
29Dallas Mavericks
11%
14Indiana Pacers
9.8%
17Milwaukee Bucks
9.8%
26Philadelphia 76ers
9.8%
18Memphis Grizzlies
8.5%
24Portland Trail Blazers
8.5%
16New Orleans Hornets
7.3%

You're not logged in!

Compare scores with friends on all Sporcle quizzes.
OR
Log In

Show Comments

Extras

Top Quizzes Today


Score Distribution

Your Account Isn't Verified!

In order to create a playlist on Sporcle, you need to verify the email address you used during registration. Go to your Sporcle Settings to finish the process.

Report this User

Report this user for behavior that violates our Community Guidelines.

Details: